[Event "Asia IPCA-ch U20 Online"]
[Site "Tornelo INT"]
[Date "2022.06.25"]
[Round "4"]
[White "Rahmat Pour, Armin"]
[Black "Kimsanboyev, Axadxon"]
[Result "0-1"]
[WhiteElo "1633"]
[BlackElo "1635"]
[PlyCount "56"]
[EventDate "2022.06.24"]
[EventType "swiss"]
[EventRounds "7"]
[EventCountry "NET"]
[SourceTitle "EXT 2023"]
[Source "ChessBase"]
[SourceDate "2022.10.05"]
[SourceVersion "1"]
[SourceVersionDate "2022.10.05"]
[SourceQuality "1"]

1. e4 c5 2. Nf3 d6 3. d4 cxd4 4. Nxd4 Nf6 5. Nc3 a6 6. Bg5 e6 7. f4 h6 8. Bh4 Qb6 9. Qd2 Qxb2 10. Rb1 Qa3 11. f5 Be7 12. Bc4 Nxe4 13. Nxe4 Bxh4+ 14. g3 d5 15. gxh4 dxc4 16. f6 gxf6 17. Nxf6+ Ke7 18. 0-0 b5 19. Qf4 Qd6 20. Qe4 Qc5 21. Rf5 Qa7 22. Nd5+ Kf8 23. Rf2 exd5 24. Qe5 Rg8+ 25. Kh1 Qe7 26. Qh5 Qe4+ 27. Rf3 Rg6 28. Rbf1 Bg4 0-1